书目信息 |
| 题名: |
阿拉伯语基础语法
|
|
| 作者: | ;北京外国语学院阿拉伯语系基础语法编写组 著 | |
| 分册: | 第四册 法句 | |
| 出版信息: | 北京 外语教学与研究出版社 1983 |
|
| 页数: | 249页 | |
| 开本: | 19cm | |
| 丛书名: | ||
| 单 册: | ||
| 中图分类: | H374 | |
| 科图分类: | ||
| 主题词: | 阿拉伯语-语法--教材 , 语法-阿拉伯语--教材 | |
| 电子资源: | ||
| ISBN: | ||
| 000 | 00835nam0 2200265 45 | |
| 001 | 0183006977 | |
| 005 | 20040510082522.5 | |
| 010 | @dCNY1.054 | |
| 091 | @a7215.44 | |
| 100 | @a19950626d1983 em y0chiy0121 ea | |
| 101 | 0 | @achi@aara |
| 102 | @aCN@b110000 | |
| 105 | @ay z 000yy | |
| 106 | @ar | |
| 200 | 10 | @a阿拉伯语基础语法@h第四册@i法句@Aa la bo yu ji chu yu fa@f北京外国语学院阿拉伯语系基础语法编写组著 |
| 210 | @a北京@c外语教学与研究出版社@d1983 | |
| 215 | @a249页@d19cm | |
| 517 | @a法句@AFa Ju | |
| 606 | @a阿拉伯语-语法@x教材 | |
| 606 | @a语法-阿拉伯语@x教材 | |
| 690 | @aH374@v3 | |
| 711 | 02 | @a北京外国语学院阿拉伯语系基础语法编写组@Abei jing wai guo yu xue yuan a la bo yu xi ji chu yu fa bian xie zu@4著 |
| 801 | 0 | @aCN@b上海图书馆@c20040510 |
| 801 | 2 | @aCN@bNLC@c20040510 |
| 905 | @f1@b157130@dH374@e2:4 | |
| 阿拉伯语基础语法.第四册.法句/北京外国语学院阿拉伯语系基础语法编写组著.-北京:外语教学与研究出版社,1983 |
| 249页;19cm |
| ISBN :CNY1.054 |
| ● |
| 相关链接 |
|
|
|
|
正题名:阿拉伯语基础语法
索取号:H374/2:4
 
预约/预借
| 序号 | 登录号 | 条形码 | 馆藏地/架位号 | 状态 | 备注 |
| 1 | 0157130 | 001168872 | 第四借阅区/ [索取号:H374/2:4] | 在馆 | |
| 2 | 0157131 | 001168863 | 第二样本阅览室/ [索取号:H374/2:4] | 在馆 |